000 01174cam a2200373 i 4500
001 0000459
003 DO-SdBPM
005 20251203111304.0
007 ta
008 100514s 2004 sp | |||| 000 f spa
015 _a
017 _a
_b
020 _a8496246230
035 _a
040 _aDO-SdBPM
_bspa
_cBPMSU
_e rda
080 _a
082 4 _a813.3
_bP743e 2004
_222
100 1 _a Poe, Edgar Allan
_d1809-1849.
_eautor
245 1 3 _aEl escarabajo de oro y otros cuentos /
_cEdgar Allan Poe ; traducción Julio Gómez de la Serna
260 _g
264 _aMadrid :
_b El país,
_c2004
300 _a189 páginas ;
_c 20 cm
336 _atexto
_btxt
_2rdacontent
337 _asin mediación
_bn
_2rdamedia
338 _avolumen
_bnc
_2rdacarrier
490 0 _aEl país :
_aAventuras,
_v20
500 _aIncluye referencias bibliográficas y notas a pie de las páginas.
590 _aInventariado, 2025/VM
650 7 _aCuetnos juveniles estadounidenses
650 7 _aLiteratura juvenil estadounidense
700 1 _aGómez de la Serna, Julio
_e traductor
_d
910 _aVMateo V. Control de calidad. BPMSU
942 _2ddc
_cBK
999 _c11064
_d11064